|
|
|
|
| LEADER |
01735nam a2200409 a 4500 |
| 001 |
44798 |
| 003 |
BD-DhAAL |
| 005 |
20250922105502.0 |
| 008 |
250916t20072005enk e 000 1deng |
| 010 |
|
|
|a 2006373925
|
| 020 |
|
|
|a 0863565778
|
| 020 |
|
|
|a 9788189632076
|
| 020 |
|
|
|a 8189632078
|
| 020 |
|
|
|a 9780863565779
|
| 024 |
3 |
|
|a 9780863565779 (pbk.)
|
| 035 |
|
|
|a 14308716
|
| 035 |
|
|
|a (OCoLC)57638262
|
| 040 |
|
|
|a DLC
|c DLC
|d DLC
|d BD-DhAAL
|
| 041 |
1 |
|
|a eng
|h urd
|
| 043 |
|
|
|a a-pk---
|
| 050 |
0 |
0 |
|a PK2211.E8
|b K35 2005
|
| 082 |
0 |
4 |
|a 891.439301089287
|2 22
|
| 245 |
0 |
0 |
|a Kahani :
|b short stories by Pakistani women /
|c edited by Aamer Hussein.
|
| 260 |
|
|
|a London ;
|a India :
|b Saqi ;
|b Stanza,
|c 2007.
|
| 300 |
|
|
|a 170 pages ;
|c 21 cm
|
| 541 |
|
|
|a Donated by Farhana Zahir, Assistant Professor, BRAC Business School, BRAC University
|e 44798
|
| 546 |
|
|
|a Translated from the Urdu.
|
| 650 |
|
0 |
|a Urdu fiction
|x Women authors
|v Translations into English.
|9 59364
|
| 650 |
|
0 |
|a Urdu fiction
|y 20th century
|v Translations into English.
|9 59365
|
| 650 |
|
0 |
|a Short stories, Urdu
|z Pakistan
|v Translations into English.
|9 59366
|
| 650 |
|
0 |
|a Short stories, Pakistani (English).
|9 59367
|
| 655 |
|
|
|a short stories.
|
| 700 |
1 |
|
|a Hussein, Aamer,
|d 1955-
|9 59368
|
| 852 |
|
|
|a Ayesha Abed Library
|c General Stacks
|
| 942 |
|
|
|2 ddc
|c BK
|
| 999 |
|
|
|c 47551
|d 47551
|
| 952 |
|
|
|0 0
|1 0
|2 ddc
|4 0
|6 891_439301089287000_KAH
|7 0
|9 78209
|a BRACUL
|b BRACUL
|c NEW
|d 2025-09-16
|e Donated by Farhana Zahir, Assistant Professor, BRAC Business School, BRAC University
|g 602.00
|l 4
|m 13
|o 891.439301089287 KAH
|p 3010044798
|r 2026-04-18
|s 2026-03-01
|t 1
|v 1204.00
|w 2025-09-16
|y BK
|x Donated by Farhana Zahir, Assistant Professor, BRAC Business School, BRAC University₹436.00.
|